| 000 | 01723cam a2200409 i 4500 | ||
|---|---|---|---|
| 001 | zz2004905712 | ||
| 003 | NUKAT | ||
| 005 | 20260420192654.0 | ||
| 008 | 040413s1935 pl a |001 0bfreoc | ||
| 035 | _a(OCoLC)168868755 | ||
| 035 | _a(NUKAT)zz2004905712 | ||
| 040 |
_aGD U/ang _cGD U/ang _dGD U/DC _dGD U/KMs _dGD U/EB _dOLSZT 008/LL |
||
| 245 | 0 | 0 |
_aEtienne Batory : _broi de Pologne, prince de Transylvanie / _cAcadémie Polonaise des Sciences et des Lettres, Académie des Sciences Hongroise. |
| 260 |
_aCracovie : _bUniversité des Jagellons, _c1935. |
||
| 300 |
_a591 s., [4] k. tabl. złoż. : _bil. ; _c25 cm. |
||
| 336 |
_aTekst _btxt _2rdacontent |
||
| 337 |
_aBez urządzenia pośredniczącego _bn _2rdamedia |
||
| 338 |
_aWolumin _bnc _2rdacarrier |
||
| 380 | _aKsiążki | ||
| 504 | _a"Bibliographie Hongriose d'Etienne Báthory" s. 513-524. Indeks. | ||
| 504 | _a"Bibliographie Polonaise d'Etienne Batory" s. 525-563. | ||
| 600 | 0 | 7 |
_aStefan Batory _c(król Polski ; _d1533-1586) _2DBN _940307 |
| 600 | 0 | 4 |
_aStefan Batory _c(król Polski ; _d1533-1586). _2kaba _9231 |
| 648 | 7 |
_a1501-1600 _2DBN _936032 |
|
| 650 | 7 |
_aWładcy i władczynie _2DBN _935698 |
|
| 651 | 7 |
_aPolska _2DBN _935076 |
|
| 651 | 7 |
_aSiedmiogród (Rumunia ; kraina historyczna) _2DBN _936215 |
|
| 651 | 7 |
_aPolska _y1575-1586 (Stefan Batory). _2kaba _935490 |
|
| 651 | 7 |
_aSiedmiogród (Rumunia) _y1526-1691. _2kaba _940306 |
|
| 655 | 7 |
_aBiografia _2DBN _935059 |
|
| 658 | _aHistoria | ||
| 658 | _aPolityka, politologia, administracja publiczna | ||
| 710 | 2 |
_aPolska Akademia Umiejętności (1919-1952). _91634 |
|
| 710 | 2 |
_aMagyar Tudományos Akadémia. _940305 |
|
| 710 | 2 |
_aUniwersytet Jagielloński. _eWydawca _4pbl |
|
| 942 |
_2ddc _cBK_NM |
||
| 999 |
_c27697 _d27697 |
||